000 01037nam a2200289 a 4500
003 BLK
005 20250228091218.0
008 210301b bu |||||r|||| 00| | bu d
020 _a9786197756159
040 _aBLK
041 _aBUL
_cBUL
080 _aБългарски език
_b811.163.2
_z'01
_9227955
_x811.163.2'01
080 _aПисменост
_b003.3
_z003.3
084 _aВ 80
100 1 _aВойников, Живко Гочев
_949048
245 _aДревнобългарското езиково наследство
_cЖивко Войников
260 _9220054
_aПлевен
_bЕделвайс
_c2024
300 _a592 с.
_c24 см
380 _a80
504 _aБиблиогр.: с. 296-309
650 0 _9244177
_aБългарски език - история
650 0 _9274807
_aПрабългарски език - писмо
852 _aЦб 326213
852 _bЧ
_c811.163.2/В 80 Ж
942 _cKNG
_n0
_s1
_01
944 _cНора Радева
_k30560
_lГеновева Генчева
999 _c520313
_d520313